000 01243nam a2200277 i 4500
001 bg
111 2 _aKonferencja Naukowo-Techniczna Zarządzanie w Przemyśle
_n(12 ;
_d2004 ;
_cUstroń Jaszowiec).
245 1 0 _aZarządzanie w przemyślee :
_bXII Konferencja Naukowo-Techniczna, Ustroń-Jaszowiec, 5-7 lipca 2004.
_nCz. 2 /
_c[red. nauk. Ryszard Budzik].
260 _aCzęstochowa :
_bWydaw. WIPMiFS PC,
_c2004.
300 _a150 s. :
_bil. ;
_c24 cm.
490 1 _aMateriały Konferencyjne Wydziału Inżynierii Procesowej, Materiałowej i Fizyki Stosowanej / Politechnika Częstochowska. Metalurgia ;
_vnr 41
500 _aTyt. cz.1: Zarządzanie i produkcja w hutnictwoie".
500 _aTekst częśc., ros. Streszcz. ang. przy ref.
504 _aBibliogr. przy ref.
650 9 _aZarządzanie
655 _aMateriały konferencyjne
700 1 _aBudzik, Ryszard.
_eRed.
830 0 _aMateriały Konferencyjne Wydziału Inżynierii Procesowej, Materiałowej i Fizyki Stosowanej (Politechnika Częstochowska).
_pMetalurgia ;
_vnr 41
020 _a8387745472
040 _cBPK
041 0 _apolrus
080 _a65.01(438)"1989/..."(061)
920 _a83-87745-47-2
942 _cKS
008 s pl f |000 0 pol
999 _c45684
_d45684
856 _uhttp://koha.tu.koszalin.pl/cgi-bin/koha/opac-detail.pl?biblionumber=45684
_yKatalog online BPK